Kabale University Library Catalogue

Encyclopedia of health and education for the family vol. 3 / (Record no. 6190)

MARC details
000 -LEADER
fixed length control field 00664nam a22002177a 4500
005 - DATE AND TIME OF LATEST TRANSACTION
control field 20260312123906.0
008 - FIXED-LENGTH DATA ELEMENTS--GENERAL INFORMATION
fixed length control field 260312b |||||||| |||| 00| 0 eng d
020 ## - INTERNATIONAL STANDARD BOOK NUMBER
International Standard Book Number 8472082156
020 ## - INTERNATIONAL STANDARD BOOK NUMBER
International Standard Book Number 9788472082151
040 ## - CATALOGING SOURCE
Original cataloging agency KABLIB
Transcribing agency KABLIB
Description conventions rda
082 ## - DEWEY DECIMAL CLASSIFICATION NUMBER
Edition number 23
Classification number 610.3
Item number AGU
100 ## - MAIN ENTRY--PERSONAL NAME
Personal name Aguilar, Isidro
9 (RLIN) 15737
245 ## - TITLE STATEMENT
Title Encyclopedia of health and education for the family vol. 3 /
Statement of responsibility, etc. Isidro Aguilar, Herminia Galbes
260 ## - PUBLICATION, DISTRIBUTION, ETC.
Place of publication, distribution, etc. Madrid :
Name of publisher, distributor, etc. Education and Health Library,
Date of publication, distribution, etc. c2002
300 ## - PHYSICAL DESCRIPTION
Extent 400 p. :
Other physical details col. ill. ;
Dimensions 28 cm.
500 ## - GENERAL NOTE
General note Includes index.
650 ## - SUBJECT ADDED ENTRY--TOPICAL TERM
Topical term or geographic name entry element Health
650 ## - SUBJECT ADDED ENTRY--TOPICAL TERM
Topical term or geographic name entry element Medicine
700 ## - ADDED ENTRY--PERSONAL NAME
Personal name Galbes, Herminia
9 (RLIN) 15738
942 ## - ADDED ENTRY ELEMENTS (KOHA)
Source of classification or shelving scheme Dewey Decimal Classification
Koha item type Book
Holdings
Withdrawn status Lost status Source of classification or shelving scheme Damaged status Not for loan Home library Current library Shelving location Date acquired Source of acquisition Total Checkouts Full call number Barcode Date last seen Price effective from Koha item type
    Dewey Decimal Classification     School of Medicine Library School of Medicine Library Open Access Section 12.03.2026 Donated   610.3 AGU 14620 12.03.2026 12.03.2026 Book

Kabale University Library | Kabale University P.O Box 317, Kabale, Uganda
Tel : +256754017033, +256774661503 E-mail : library@kab.ac.ug